000 00215nam a22000857a 4500
008 161212b xxu||||| |||| 00| 0 eng d
100 _92000
_aShamis.K.N.etal
245 _aComputer Made Friendly-8
260 _bCordova
_c2008
999 _c4847
_d4847